| 000 | 02042nam a2200481Ii 4500 | ||
|---|---|---|---|
| 001 | DIGUVALLE160 | ||
| 003 | NyNyDIG | ||
| 008 | 171003s2016 ck ab ob 000 0 spa d | ||
| 006 | m o d | ||
| 007 | cr ||||||||||| | ||
| 035 | _a(OCoLC)1007502168 | ||
| 040 |
_aDGITA _beng _erda _epn _cDGITA |
||
| 020 |
_a9789587652888 _q(eBook ; _qpdf) |
||
| 020 |
_a9587652886 _q(eBook ; _qpdf) |
||
| 020 | _z9789587652871 | ||
| 020 | _z9587652878 | ||
| 043 | _as-ck--- | ||
| 050 | 1 | 4 | _aTD245.A1 ebook |
| 082 | 0 | 4 | _a333.91009861 |
| 245 | 0 | 0 |
_aManejo del riesgo en la gestión del agua : _bretos ante los riesgos ambientales en el ciclo del agua, justicia ambiental y conflictos / _cDiana A. Cardona Zea, Inés Restrepo Tarquino, compiladoras. |
| 250 | _aPrimera edición. | ||
| 264 | 1 |
_aCali, Colombia : _bUniversidad del Valle, Programa Editorial, _c2016. |
|
| 300 |
_a1 online resource : _billustrations, maps. |
||
| 336 |
_atext _btxt _2rdacontent |
||
| 337 |
_acomputer _bc _2rdamedia |
||
| 338 |
_aonline resource _bcr _2rdacarrier |
||
| 490 | 1 |
_aColección Ingeniería. _aInvestigación |
|
| 504 | _aIncludes bibliographical references. | ||
| 588 | 0 | _aOnline resource; title from PDF title page (Digitalia, viewed October 3, 2017) | |
| 650 | 0 |
_aWater-supply _zColombia _xManagement. |
|
| 650 | 0 |
_aWater quality management _zColombia. |
|
| 650 | 0 |
_aEnvironmental risk assessment _zColombia. |
|
| 655 | 0 | _aElectronic books. | |
| 700 | 1 |
_aCardona Zea, Diana A. _q(Diana Amparo), _ecompiler. |
|
| 700 | 1 |
_aRestrepo Tarquino, Inés, _ecompiler. |
|
| 791 | 2 |
_aDigitalia (Firm), _edistributor. |
|
| 793 | 0 |
_gDigitalia eBook Collection: _aUniversidad del Valle |
|
| 776 | 0 | 8 |
_iPrint version: _tManejo del riesgo en la gestión del agua. _bPrimera edición. _dCali, Colombia : Universidad del Valle, 2016 _z9789587652871 _w(OCoLC)1000103615 |
| 830 | 0 |
_aColección Ingeniería. _pInvestigación. |
|
| 856 | 4 | 0 |
_3Digitalia Hispánica _uhttps://www.digitaliapublishing.com/a/47590/ |
| 910 | _aPremium collection: 2017 | ||
| 942 | _cRAA | ||
| 999 |
_c250364 _d250364 |
||